=LDR 00000nam 2200000 4500 =001 INLIS000000000003994 =005 20251117081510 =035 ##$$a 0010-0625000199 =007 ta =008 251117################f##########0#ind## =082 ##$$a 340 =084 ##$$a 340 BAD k =245 1#$$a Keputusan Kepala Badan Koordinasi Keluarga Nasional Nomor: 276/HK.010/D4/84 : Tentang Uraian Tugas Badan Koordinasi Keluarga Berencana Nasional Kabupaten/Kotamadya Tipe B : $b Sebagai Pelaksanaan Keputusan Kepala BKKBN Nomor: 99/HK.010/D4/84 Tentang Perwakilan BKKBN Propinsi dan Kabupaten/Kotamadya /$c BADAN KOORDINASI KELUARGA BERENCANA NASIONAL =260 ##$$a Jakarta :$b Badan Koordinasi Keluarga Berencana Nasional,$c 1984 =300 ##$$a 28 hlm. =650 #4$$a Surat Keputusan =110 2#$$a BADAN KOORDINASI KELUARGA BERENCANA NASIONAL =856 ##$$a Perpustakaan Kemendukbangga